| 000 | 00724nam a2200241Ia 4500 | ||
|---|---|---|---|
| 003 | OSt | ||
| 005 | 20221006153351.0 | ||
| 006 | a|||||r|||| 00| 0 | ||
| 007 | ta | ||
| 008 | 221006b |||||||| |||| 00| 0 eng d | ||
| 024 | _a32,128 | ||
| 037 |
_bGift, Japan Foundation _cTextual |
||
| 040 |
_aEASL _cEASL _beng |
||
| 041 |
_2eng _aeng |
||
| 082 | _aY:54R4, P2 | ||
| 100 |
_aHIROIKE Chikuro _9647770 |
||
| 245 | 0 |
_aTowards supreme morality _b An attempt to establish the new science of moralogy, Vol. 1 |
|
| 260 |
_aJapan _bInstt. of Moralogy _c2002 |
||
| 300 |
_a451p. _ccm. |
||
| 490 | _v Oth | ||
| 942 |
_hY:54R4, P2 _cTEXL _2CC |
||
| 999 |
_c1100214 _d1100214 |
||